000 00698cam a2200217 4500
001 ABS61395
008 000000n1999 000 0 eng u
035 _a(Sirsi) u101128
100 _aPawlowski, M.
245 _aInformal agreements
260 _c1999
490 _aSolicitors` Journal
_v143(36) 24 September 1999, 888-889(2)
520 _aExamines the recent CA decision in "Yaxley v Gott", and discusses the Law of Property (Miscellaneous Provisions) Act 1989 s2.
590 _aABS
650 _aLAW OF PROPERTY (MISCELLANEOUS PROVISIONS) ACT 1989 S2
650 _aPROPRIETARY ESTOPPEL
650 _aINFORMAL AGREEMENTS
650 _aYAXLEY V GOTT
690 _aLAND
942 _n0
999 _c60330
_d60330